000 00180 a2200097 4500
020 _a9781499810462
041 _aspa
100 _aDisney Pixar
245 _aToy story 4
942 _cK
999 _c26706
_d26706